Космоструктурные модели золоторудных объектов Западной Калбы; Известия Томского политехнического университета [Известия ТПУ]; Т. 317, № 1: Науки о Земле
| Parent link: | Известия Томского политехнического университета [Известия ТПУ]/ Томский политехнический университет (ТПУ).— , 2000- Т. 317, № 1: Науки о Земле.— 2010.— [С. 35-42] |
|---|---|
| Autor principal: | |
| Outros Autores: | , |
| Resumo: | Заглавие с титульного листа Электронная версия печатной публикации Изучены космоструктуры Западно-Калбинской металлогенической зоны по материалам разномасштабных мультиспектральных космических систем Modis, Landsat и радиолокационной съемки SRTM. Показана связь известных золоторудных полей с очаговыми структурами. Установлено, что в пределах рудных полей, месторождения и рудопроявления закономерно размещаются относительно линейных и кольцевых структур, что позволяет рассматривать их в качестве прогнозно-поисковых критериев участков перспективных на выявление золотого оруденения ранга рудное поле - месторождение. |
| Idioma: | russo |
| Publicado em: |
2010
|
| Colecção: | Геология и полезные ископаемые |
| Assuntos: | |
| Acesso em linha: | http://www.lib.tpu.ru/fulltext/v/Bulletin_TPU/2010/v317/i1/06.pdf |
| Formato: | MixedMaterials Recurso Electrónico Capítulo de Livro |
| KOHA link: | https://koha.lib.tpu.ru/cgi-bin/koha/opac-detail.pl?biblionumber=188120 |
MARC
| LEADER | 00000nla2a2200000 4500 | ||
|---|---|---|---|
| 001 | 188120 | ||
| 005 | 20231220103823.0 | ||
| 035 | |a (RuTPU)RU\TPU\book\204283 | ||
| 035 | |a RU\TPU\book\204282 | ||
| 090 | |a 188120 | ||
| 100 | |a 20101202d2010 k y0rusy50 ca | ||
| 101 | 0 | |a rus | |
| 102 | |a RU | ||
| 135 | |a drnn ---uucaa | ||
| 181 | 0 | |a i | |
| 182 | 0 | |a b | |
| 200 | 1 | |a Космоструктурные модели золоторудных объектов Западной Калбы |f Ю. С. Ананьев, А. А. Поцелуев, В. Г. Житков | |
| 203 | |a Текст |c электронный | ||
| 215 | |a 1 файл (398 Кб) | ||
| 225 | 1 | |a Геология и полезные ископаемые | |
| 300 | |a Заглавие с титульного листа | ||
| 300 | |a Электронная версия печатной публикации | ||
| 320 | |a [Библиогр.: с. 42 (15 назв.)] | ||
| 330 | |a Изучены космоструктуры Западно-Калбинской металлогенической зоны по материалам разномасштабных мультиспектральных космических систем Modis, Landsat и радиолокационной съемки SRTM. Показана связь известных золоторудных полей с очаговыми структурами. Установлено, что в пределах рудных полей, месторождения и рудопроявления закономерно размещаются относительно линейных и кольцевых структур, что позволяет рассматривать их в качестве прогнозно-поисковых критериев участков перспективных на выявление золотого оруденения ранга рудное поле - месторождение. | ||
| 337 | |a Adobe Reader | ||
| 461 | 1 | |0 (RuTPU)RU\TPU\book\176237 |t Известия Томского политехнического университета [Известия ТПУ] |f Томский политехнический университет (ТПУ) |d 2000- | |
| 463 | 1 | |0 (RuTPU)RU\TPU\book\203786 |x 1684-8519 |t Т. 317, № 1: Науки о Земле |v [С. 35-42] |d 2010 |p 227 с. | |
| 610 | 1 | |a Западная Калба | |
| 610 | 1 | |a золоторудные объекты | |
| 610 | 1 | |a космоматериалы | |
| 610 | 1 | |a линейные структуры | |
| 610 | 1 | |a кольцевые структуры | |
| 610 | 1 | |a очаговые структуры | |
| 610 | 1 | |a труды учёных ТПУ | |
| 610 | 1 | |a электронный ресурс | |
| 700 | 1 | |a Ананьев |b Ю. С. |c российский геолог |c доцент Томского политехнического университета, кандидат геолого-минералогических наук |f 1966- |g Юрий Сергеевич |3 (RuTPU)RU\TPU\pers\26228 |9 12016 | |
| 701 | 1 | |a Поцелуев |b А. А. |c геолог |c профессор Томского политехнического университета, доктор геолого-минералогических наук |f 1952- |g Анатолий Алексеевич |3 (RuTPU)RU\TPU\pers\26071 | |
| 701 | 1 | |a Житков |b В. Г. |c российский геолог |c доцент Томского политехнического университета, кандидат геолого-минералогических наук |f 1958- |g Владимир Георгиевич |3 (RuTPU)RU\TPU\pers\26229 |4 070 | |
| 801 | 1 | |a RU |b 63413507 |c 20090623 |g PSBO | |
| 801 | 2 | |a RU |b 63413507 |c 20211223 |g PSBO | |
| 856 | 4 | |u http://www.lib.tpu.ru/fulltext/v/Bulletin_TPU/2010/v317/i1/06.pdf | |
| 942 | |c CF | ||